000 00492nam a2200181 i 4500
001 bg
100 1 _aFLORCZYK, Bonifacy
245 0 _aWytrzymałość materiałów. Skrypt /
_cBonifacy Florczyk, Henryk Molenda. - Cz. 2.
260 _aZielona Góra,
_c1979.
300 _as. 185 :
_brys., tab.
504 _a[Zawiera bibliogr. s. 185].
700 1 _aMOLENA, Henryk
040 _cBPK
041 _apol
080 _a539.3/.6
942 _cKS
008 s pl f |000 0 pol
999 _c19291
_d19291
856 _uhttp://koha.tu.koszalin.pl/cgi-bin/koha/opac-detail.pl?biblionumber=19291
_yKatalog online BPK